000 00242nam a2200097Ia 4500
001 655885
005 20250826154545.0
008 250824s9999 xx 000 0 und d
245 0 _aKANE GÜNCELERİ 2 ATEŞ TAHTI
_cRICK RIORDAN
260 _bDOĞAN
999 _c655885
_d655885